Úloha ekonomiky v oblasti kultury Teoreticko-metodologická studie DÚ SPZV IX - 8 - 2/05. SPZV IX-8-2/05
Salvato in:
| Natura: | Libro |
|---|---|
| Lingua: | ceco |
| Pubblicazione: |
Praha
Ústav pro výzkum kultury
1988
|
| Tags: |
Nessun Tag, puoi essere il primo ad aggiungerne!!
|
MARC
| LEADER | 00000nam a2200000 4500 | ||
|---|---|---|---|
| 001 | c026477 | ||
| 005 | 20251111085451.7 | ||
| 041 | 0 | |a cze | |
| 044 | |a CZ | ||
| 245 | 1 | 0 | |a Úloha ekonomiky v oblasti kultury |b Teoreticko-metodologická studie DÚ SPZV IX - 8 - 2/05. SPZV IX-8-2/05 |
| 264 | 1 | |a Praha |b Ústav pro výzkum kultury |c 1988 | |
| 300 | |a 111 s. | ||